=LDR 00000nam 2200000 4500 =001 INLIS000000000040320 =005 20130612145905 =008 ***********************************aInd** =035 ##$$a0010-061300000040320 =041 ##$$a aInd =082 ##$$a 665.775 =090 ##$$a 665.776, Bad m =100 ##$$a Badrussalam, R =245 ##$$a Membuat biogas dari sayuran bekas/ Ir. R. Badrussalam =260 ##$$a 2008 $b Jakarta =300 ##$$a vi,22 hlm., ilus., 25 cm =650 ##$$a Biogas =850 ##$$a NBPNMAT =990 ##$$a 0001/BPAP-NTB/20142014